[Event "Stuttgarter Stadtmeisterschaft 2010 A"]
[Site "Ditzingen"]
[Date "2010.05.15"]
[Round "5.12"]
[White "Ydo, Pim"]
[Black "Szenetra, Werner"]
[Result "1/2-1/2"]
[WhiteElo "2111"]
[BlackElo "2201"]
[PlyCount "57"]
[EventDate "2010.??.??"]

1. d4 g6 2. e4 Bg7 3. Nf3 d6 4. Be2 Bg4 5. O-O Nc6 6. c3 e5 7. Be3 Nf6 8. dxe5
dxe5 9. Nbd2 O-O 10. Qc2 Nh5 11. Rad1 Nf4 12. Bxf4 exf4 13. Nb3 Qe7 14. Nbd4
Bd7 15. Rfe1 Rad8 16. h3 a6 17. Bd3 Ne5 18. Nxe5 Bxe5 19. Nf3 g5 20. Nxe5 Qxe5
21. Bc4 c6 22. Qe2 Kg7 23. Qh5 f6 24. Rd3 b5 25. Qd1 Qe7 26. Bb3 Bc8 27. Rxd8
Rxd8 28. Qe2 Qe5 29. Rd1 1/2-1/2

[Event "Stuttgarter Stadtmeisterschaft 2010 A"]
[Site "Ditzingen"]
[Date "2010.05.15"]
[Round "6.55"]
[White "Jehle, Anja"]
[Black "Töws, Manuel"]
[Result "0-1"]
[WhiteElo "1953"]
[BlackElo "1910"]
[PlyCount "92"]
[EventDate "2010.??.??"]
[WhiteTeam "SC Ingersheim e.V."]
[BlackTeam "BG Buchen"]

1. d4 Nf6 2. c4 e6 3. Nf3 b6 4. a3 Bb7 5. Nc3 Be7 6. Bg5 O-O 7. e3 d6 8. Be2
Nbd7 9. O-O Ne4 10. Bxe7 Qxe7 11. Nxe4 Bxe4 12. Bd3 Bxd3 13. Qxd3 f5 14. b4 c5
15. dxc5 dxc5 16. b5 Rad8 17. Qc2 e5 18. Rfd1 e4 19. Ne1 Ne5 20. a4 Qe6 21.
Rdc1 Rd7 22. a5 Rfd8 23. axb6 axb6 24. Ra2 Kf8 25. h3 Kg8 26. Qe2 Rd6 27. f4
exf3 28. gxf3 Nd3 29. Nxd3 Rxd3 30. Kf2 f4 31. exf4 Qxh3 32. Rg1 Qh2+ 33. Rg2
Qxf4 34. Ra8 Rxf3+ 35. Qxf3 Qxf3+ 36. Kxf3 Rxa8 37. Rd2 Rf8+ 38. Ke4 Rf6 39.
Ke5 h5 40. Rh2 Rh6 41. Kf5 Kf7 42. Kg5 h4 43. Rf2+ Ke6 44. Re2+ Kd6 45. Kf4 h3
46. Rd2+ Ke6 0-1

[Event "Stuttgarter Stadtmeisterschaft 2010 A"]
[Site "Ditzingen"]
[Date "2010.05.15"]
[Round "6.61"]
[White "Mayer, Dietmar"]
[Black "Steinhart, Matthias"]
[Result "1/2-1/2"]
[WhiteElo "1851"]
[BlackElo "1834"]
[PlyCount "73"]
[EventDate "2010.??.??"]
[WhiteTeam "SC-HP Böbl.1975 e.V."]
[BlackTeam "Deutscher Blindenschachbund"]

1. d4 d5 2. Nf3 Nc6 3. Bf4 Bg4 4. e3 e6 5. c4 Nf6 6. Nc3 Bb4 7. Rc1 O-O 8. h3
Bh5 9. a3 Bxc3+ 10. Rxc3 Ne4 11. Rc1 dxc4 12. Bxc4 Nd6 13. Bd3 Bg6 14. Bxg6
hxg6 15. Qd3 Ne7 16. e4 c6 17. O-O f5 18. Bxd6 Qxd6 19. e5 Qd7 20. Ng5 Kh8 21.
Qb3 Ng8 22. Qxe6 Qxe6 23. Nxe6 Rf7 24. Rfe1 Re8 25. Ng5 Rd7 26. Rcd1 Nh6 27. f4
Red8 28. Ne6 Re8 29. Nc5 Rd5 30. Na4 Red8 31. e6 Ng8 32. Nc3 R5d6 33. Re5 Re8
34. d5 cxd5 35. Rdxd5 Rdxe6 36. Rxe6 Rxe6 37. Rd7 1/2-1/2

[Event "Stuttgarter Stadtmeisterschaft 2010 A"]
[Site "Ditzingen"]
[Date "2010.05.15"]
[Round "6.14"]
[White "Bräuner, Uwe"]
[Black "Vaysberg, Alexander"]
[Result "1/2-1/2"]
[WhiteElo "2122"]
[BlackElo "2218"]
[PlyCount "130"]
[EventDate "2010.??.??"]
[WhiteTeam "Erfurter Schachklub"]
[BlackTeam "SF Pfullingen"]

1. b3 e5 2. Bb2 d6 3. e3 Nf6 4. c4 Be7 5. Nc3 O-O 6. Nf3 c6 7. d4 e4 8. Nd2 d5
9. Be2 Re8 10. h3 Be6 11. Qc2 Nbd7 12. g4 Nf8 13. g5 N6d7 14. h4 f5 15. gxf6
Nxf6 16. Rg1 Rc8 17. O-O-O N8d7 18. Rg2 Qa5 19. Rdg1 Bf8 20. Kb1 Nb6 21. c5
Nbd7 22. a3 Qc7 23. f4 b6 24. b4 a5 25. Na4 axb4 26. axb4 bxc5 27. dxc5 Kh8 28.
Bd4 Rb8 29. Nb6 Nxb6 30. cxb6 Rxb6 31. Bxb6 Qxb6 32. h5 Rb8 33. b5 h6 34. Qb2
Qxe3 35. Nb3 c5 36. f5 Bf7 37. Rg3 Qf4 38. Nxc5 Qxf5 39. Rf1 Qc8 40. Rxf6 Qxc5
41. Rxf7 d4 42. Rg6 d3 43. Rfxg7 Qc2+ 44. Qxc2 dxc2+ 45. Kxc2 Bxg7 46. Re6 Rc8+
47. Kd2 Rd8+ 48. Ke3 Rd4 49. Re8+ Kh7 50. Bg4 Bf6 51. Bf5+ Kg7 52. Bxe4 Rd8 53.
Re6 Kf7 54. Rc6 Bg5+ 55. Kf3 Ke7 56. b6 Rf8+ 57. Ke2 Kd7 58. b7 Bf4 59. Kd3 Re8
60. Rc8 Ke7 61. Bg6 Rd8+ 62. Kc4 Bb8 63. Kc5 Ba7+ 64. Kb5 Bb8 65. Be4 Rf8
1/2-1/2

[Event "Stuttgarter Stadtmeisterschaft 2010 A"]
[Site "Ditzingen"]
[Date "2010.05.15"]
[Round "6.42"]
[White "Bergner, Philipp"]
[Black "Bissbort, Julian"]
[Result "0-1"]
[WhiteElo "1884"]
[BlackElo "2027"]
[PlyCount "54"]
[EventDate "2010.??.??"]
[WhiteTeam "Mönchfelder SV 1967"]
[BlackTeam "Heilbronner SV"]

1. d4 Nf6 2. c4 e5 3. dxe5 Ne4 4. a3 d6 5. Nf3 Nc6 6. Bf4 g5 7. Bg3 Bg7 8. e3
Nxg3 9. hxg3 Nxe5 10. Nxe5 Bxe5 11. Qc2 Qf6 12. Nc3 Bxc3+ 13. bxc3 Bf5 14. Bd3
Bg6 15. O-O-O O-O-O 16. Kb2 Rhe8 17. Rhf1 Re5 18. Bxg6 hxg6 19. Rd5 Rxe3 20.
fxe3 Qxf1 21. Kb3 Re8 22. Qd2 Qb1+ 23. Ka4 Qe4 24. Qe2 Qxe3 25. Qxe3 Rxe3 26.
Rxg5 Rxc3 27. Kb4 Rc2 0-1

[Event "Stuttgarter Stadtmeisterschaft 2010 A"]
[Site "Ditzingen"]
[Date "2010.05.15"]
[Round "6.12"]
[White "Wiley, Tom E"]
[Black "Geshnizjani, Ramin Tobias"]
[Result "1-0"]
[WhiteElo "2281"]
[BlackElo "2077"]
[PlyCount "119"]
[EventDate "2010.??.??"]
[BlackTeam "Heilbronner SV"]

1. d4 Nf6 2. Bg5 e6 3. Nd2 d5 4. e3 c5 5. c3 Be7 6. Bd3 O-O 7. f4 b6 8. Qe2 Bb7
9. Ngf3 Nbd7 10. O-O Ne4 11. Bxe7 Qxe7 12. Ne5 Nxd2 13. Qxd2 f5 14. Nxd7 Qxd7
15. Kh1 Rf6 16. Rg1 h5 17. g3 Qe7 18. Kg2 Kf7 19. Kf2 Rh6 20. Rg2 Rhh8 21. Rag1
Rag8 22. Qe2 Ke8 23. Qf3 Bc6 24. Ke2 Kd8 25. Kd2 Be8 26. h3 Qf8 27. Qf2 Bf7 28.
g4 hxg4 29. hxg4 g6 30. Kc1 c4 31. Be2 b5 32. Bf3 b4 33. gxf5 gxf5 34. Rxg8
Rxg8 35. Rxg8 Bxg8 36. cxb4 Qxb4 37. Bh5 c3 38. b3 Qa3+ 39. Kb1 Qe7 40. Kc2 Bf7
41. Bxf7 Qxf7 42. Qh4+ Kc8 43. Qe1 Qh5 44. Qxc3+ Kd7 45. Qd2 Qf3 46. Kc3 Qf1
47. Kb4 Qa6 48. a4 Qd6+ 49. Kc3 Qa3 50. Qb2 Qd6 51. Qc1 Qa6 52. Qc2 Qf1 53. Kb2
Qe1 54. Qc3 Qe2+ 55. Ka3 Qa6 56. Qc5 Qb7 57. Qb5+ Qxb5 58. axb5 Kc7 59. Ka4 Kb6
60. Kb4 1-0

[Event "Stuttgarter Stadtmeisterschaft 2010 A"]
[Site "Ditzingen"]
[Date "2010.05.15"]
[Round "6.22"]
[White "Geigle, Bruno"]
[Black "Wagner, Dennis"]
[Result "1-0"]
[WhiteElo "1981"]
[BlackElo "2112"]
[PlyCount "97"]
[EventDate "2010.??.??"]
[WhiteTeam "SK Lauffen"]
[BlackTeam "Kasseler SK 1876"]

1. e4 e5 2. Nf3 Nc6 3. Bb5 a6 4. Ba4 Nf6 5. d4 exd4 6. O-O Be7 7. Re1 b5 8. e5
Nxe5 9. Rxe5 d6 10. Re1 bxa4 11. Nxd4 Qd7 12. Qf3 d5 13. Bg5 O-O 14. Nc3 Bb7
15. Nf5 Bd8 16. Rad1 d4 17. Qxb7 Qxf5 18. Qxa8 Qxg5 19. Rxd4 Be7 20. Qf3 Bc5
21. Ne4 Nxe4 22. Rdxe4 Qd2 23. Qe2 Qa5 24. Re8 a3 25. Rxf8+ Bxf8 26. bxa3 Qxa3
27. Qc4 Qa5 28. Re8 Qb6 29. g3 Qb1+ 30. Kg2 Qb7+ 31. Qe4 Qb5 32. h3 Qc5 33. c4
g6 34. Qd5 Qa3 35. Rc8 Qe7 36. Qc6 h5 37. Rxc7 Qe5 38. Rc8 h4 39. Qe8 Qd6 40.
Qd8 Qb4 41. gxh4 Kg7 42. Qxf8+ Qxf8 43. Rxf8 Kxf8 44. h5 gxh5 45. Kg3 Ke7 46.
Kh4 Kd6 47. Kxh5 Kc5 48. Kg5 Kxc4 49. h4 1-0

[Event "Stuttgarter Stadtmeisterschaft 2010 A"]
[Site "Ditzingen"]
[Date "2010.05.15"]
[Round "6.56"]
[White "Paschmann, Stefan"]
[Black "Sommerhalder, Eric"]
[Result "0-1"]
[WhiteElo "1913"]
[BlackElo "1954"]
[PlyCount "96"]
[EventDate "2010.??.??"]
[WhiteTeam "Krefelder Schachklub Turm 1851 e"]
[BlackTeam "SC Brombach e.V."]

1. d4 Nf6 2. Nf3 c5 3. d5 d6 4. Nc3 g6 5. e4 Bg7 6. Bb5+ Nbd7 7. a4 a6 8. Be2
O-O 9. O-O b6 10. Nd2 Ne8 11. Nf3 Nc7 12. Be3 Ne5 13. Nxe5 Bxe5 14. Bh6 Re8 15.
f4 Bd4+ 16. Kh1 Bd7 17. f5 b5 18. Qd2 b4 19. Nd1 Ra7 20. Qf4 Be5 21. Qf2 f6 22.
fxg6 hxg6 23. Qh4 Kf7 24. Qf2 Bxh2 25. Kxh2 Rh8 26. Qh4 Rh7 27. g4 Qh8 28. g5
Ke8 29. Qf4 Kd8 30. Kg1 Ne8 31. Bf3 e5 32. Qd2 Kc8 33. Rf2 Nc7 34. Rh2 f5 35.
exf5 Bxf5 36. Qe2 e4 37. Bg4 Qd4+ 38. Kh1 Bxg4 39. Qxg4+ Kb8 40. Qf4 Nxd5 41.
Qxd6+ Rac7 42. Qxa6 Rhf7 43. c3 Qe5 44. Qe2 e3 45. Rh3 Qe4+ 46. Kg1 Nf4 47. Qh2
Nxh3+ 48. Qxh3 e2 0-1

[Event "Stuttgarter Stadtmeisterschaft 2010 A"]
[Site "Ditzingen"]
[Date "2010.05.15"]
[Round "6.40"]
[White "Günthner, Arthur"]
[Black "Fahnenschmidt, Gerhard"]
[Result "0-1"]
[WhiteElo "1897"]
[BlackElo "2059"]
[PlyCount "60"]
[EventDate "2010.??.??"]
[WhiteTeam "Mönchfelder SV 1967"]
[BlackTeam "SAbt VfL Sindelfingen"]

1. d4 Nf6 2. c4 e6 3. Nc3 Bb4 4. Qc2 c5 5. dxc5 Nc6 6. Nf3 Bxc5 7. g3 O-O 8.
Bg2 d5 9. cxd5 exd5 10. O-O Re8 11. Bg5 Nb4 12. Qd2 d4 13. Nb5 Qb6 14. Bxf6
Qxf6 15. Nc7 Bg4 16. Nxa8 d3 17. exd3 Bxf3 18. Bxf3 Qxf3 19. d4 Bd6 20. Nc7 Re2
21. Qc3 Nd3 22. Rad1 Rxf2 23. Rxf2 Qxf2+ 24. Kh1 Qf3+ 25. Kg1 Qxd1+ 26. Kg2
Qe2+ 27. Kh3 Qf1+ 28. Kh4 Be7+ 29. Kg4 h5+ 30. Kxh5 Qf5# 0-1

[Event "Stuttgarter Stadtmeisterschaft 2010 A"]
[Site "Ditzingen"]
[Date "2010.05.15"]
[Round "6.24"]
[White "Braun, Peter"]
[Black "Sieker, Roland"]
[Result "1-0"]
[WhiteElo "2228"]
[BlackElo "2050"]
[PlyCount "129"]
[EventDate "2010.??.??"]
[WhiteTeam "SK Frankenthal"]
[BlackTeam "Mönchfelder SV 1967"]

1. d4 Nf6 2. Nf3 d6 3. c4 Nbd7 4. Nc3 e5 5. e4 Be7 6. Be2 c6 7. O-O O-O 8. Re1
Re8 9. Bf1 Qc7 10. h3 Nf8 11. Be3 h6 12. Rc1 N6h7 13. Qd2 f5 14. exf5 Bxf5 15.
Bd3 Bxd3 16. Qxd3 Ne6 17. dxe5 dxe5 18. Qg6 Neg5 19. Nxg5 Bxg5 20. Ne4 Bxe3 21.
Rxe3 Rf8 22. Rd1 Nf6 23. Red3 Qf7 24. Nxf6+ Qxf6 25. Qxf6 Rxf6 26. Rd7 b6 27.
Re7 Raf8 28. f3 R8f7 29. Rxe5 c5 30. Kf2 Rf4 31. b3 g5 32. Rd6 R4f6 33. Rxf6
Rxf6 34. Re7 a5 35. Ke3 Rd6 36. Rb7 Re6+ 37. Kf2 Rd6 38. a4 h5 39. Kg3 Kf8 40.
h4 g4 41. Kf4 Rd4+ 42. Kg5 g3 43. Rxb6 Rd2 44. Kf4 Rxg2 45. Rg6 Rb2 46. Rxg3
Rxb3 47. Ke4 Ra3 48. Kd5 Rxa4 49. Kxc5 Ra1 50. Kb5 a4 51. Rg6 a3 52. Ra6 a2 53.
Kc6 Rc1 54. Rxa2 Rxc4+ 55. Kd5 Rxh4 56. Ke5 Rb4 57. f4 Rb5+ 58. Kf6 Rb6+ 59.
Kg5 Rb5+ 60. f5 h4 61. Kg6 Rb1 62. Ra8+ Ke7 63. f6+ Ke6 64. Re8+ Kd7 65. f7 1-0

[Event "Stuttgarter Stadtmeisterschaft 2010 A"]
[Site "Ditzingen"]
[Date "2010.05.15"]
[Round "6.49"]
[White "Stiepan, Hans-Michael"]
[Black "Schembera, Jörg"]
[Result "1/2-1/2"]
[WhiteElo "2135"]
[BlackElo "1854"]
[PlyCount "132"]
[EventDate "2010.??.??"]
[WhiteTeam "SAbt SV Jedesheim 1921"]
[BlackTeam "SF Oeffingen e.V."]

1. d4 Nf6 2. Nf3 b6 3. g3 Bb7 4. Bg2 e6 5. c4 c5 6. O-O cxd4 7. Qxd4 Nc6 8. Qd1
Be7 9. Nc3 O-O 10. b3 Qc7 11. Bb2 Rad8 12. e4 a6 13. Rc1 d6 14. Nd5 exd5 15.
cxd5 Qd7 16. dxc6 Bxc6 17. Qd4 Qb7 18. Nd2 Ne8 19. Nc4 Rb8 20. Qxb6 Qxb6 21.
Nxb6 Rxb6 22. Bd4 Rb4 23. Bxg7 Nxg7 24. Rxc6 a5 25. Rfc1 a4 26. bxa4 Rxa4 27.
R1c2 Ne6 28. R6c4 Rxc4 29. Rxc4 Ra8 30. Rc2 Rb8 31. Bf1 Rb1 32. Kg2 Kg7 33. Bc4
Kf6 34. f4 Rd1 35. Bd5 Bd8 36. Rc6 Ke7 37. Ra6 Rd2+ 38. Kh3 Rb2 39. Ra7+ Kf6
40. Rd7 Rb6 41. Bxe6 Kxe6 42. Rxd8 Ra6 43. Re8+ Kf6 44. Rh8 Rxa2 45. Rxh7 Re2
46. Rh6+ Ke7 47. Kg4 Rxe4 48. h4 d5 49. Kf3 f5 50. Ra6 d4 51. Ra3 Re6 52. Ra7+
Kf6 53. Rd7 Re3+ 54. Kf2 Re4 55. Rd5 Ke6 56. Re5+ Rxe5 57. fxe5 Kxe5 58. Kf3
Ke6 59. Ke2 Ke5 60. Kd3 f4 61. g4 f3 62. h5 Kf6 63. h6 Kg6 64. g5 Kh7 65. Kd2
Kg6 66. Kd3 Kh7 1/2-1/2

[Event "Stuttgarter Stadtmeisterschaft 2010 A"]
[Site "Ditzingen"]
[Date "2010.05.15"]
[Round "6.21"]
[White "Göbel, Constantin"]
[Black "Kerpe, Andreas"]
[Result "1-0"]
[WhiteElo "2011"]
[BlackElo "2128"]
[PlyCount "79"]
[EventDate "2010.??.??"]
[WhiteTeam "SC Ladja Roßdorf"]
[BlackTeam "SAbt TSF Ditzingen"]

1. e4 e5 2. Nf3 Nc6 3. Bb5 a6 4. Ba4 d6 5. c3 g6 6. d4 Bd7 7. O-O Bg7 8. h3 Qe7
9. Bb3 Nf6 10. Re1 O-O 11. Nbd2 Nh5 12. Nf1 Nd8 13. Bg5 Qe8 14. Ng3 Nxg3 15.
fxg3 h6 16. Be3 Nc6 17. Qd2 Kh7 18. Rad1 Rd8 19. Bc2 Ne7 20. Rf1 exd4 21. cxd4
d5 22. e5 Bf5 23. Nh2 Bxc2 24. Qxc2 Qd7 25. Bd2 Nf5 26. Qd3 c5 27. Bc3 cxd4 28.
Bxd4 Qa4 29. Bc5 Rfe8 30. g4 Qc6 31. b4 b6 32. Qxa6 Ng3 33. Rxf7 Qe6 34. Qb7
Qxe5 35. Nf3 Ne2+ 36. Kf2 Qg3+ 37. Kf1 Rg8 38. Bf2 Qd6 39. Kxe2 Rb8 40. Qxd5
1-0

[Event "Stuttgarter Stadtmeisterschaft 2010 A"]
[Site "Ditzingen"]
[Date "2010.05.15"]
[Round "6.20"]
[White "Keller, Harald"]
[Black "Stanescu, Christian"]
[Result "1/2-1/2"]
[WhiteElo "2052"]
[BlackElo "2140"]
[PlyCount "25"]
[EventDate "2010.??.??"]
[WhiteTeam "SV Rottweil"]
[BlackTeam "SAbt TSF Ditzingen"]

1. e4 c5 2. Nc3 d6 3. g3 Nc6 4. Bg2 Nf6 5. f4 g6 6. Nf3 Bg7 7. O-O O-O 8. d3
Rb8 9. h3 b5 10. Be3 b4 11. Ne2 Ne8 12. Qc1 e6 13. g4 1/2-1/2

[Event "Stuttgarter Stadtmeisterschaft 2010 A"]
[Site "Ditzingen"]
[Date "2010.05.15"]
[Round "6.47"]
[White "Yin, Stanley"]
[Black "Huynh, Nhi Lang"]
[Result "1/2-1/2"]
[WhiteElo "1976"]
[BlackElo "1869"]
[PlyCount "24"]
[EventDate "2010.??.??"]
[WhiteTeam "SC Noris-Tarrasch Nürnberg 1873"]
[BlackTeam "SAbt TSG Heilbronn 1845 e.V."]

1. c4 Nf6 2. Nc3 c6 3. e4 d5 4. e5 d4 5. exf6 dxc3 6. bxc3 exf6 7. d4 Bd6 8.
Nf3 O-O 9. Be2 Bg4 10. O-O c5 11. Be3 Nd7 12. Qb1 Qc7 1/2-1/2

[Event "Stuttgarter Stadtmeisterschaft 2010 A"]
[Site "Ditzingen"]
[Date "2010.05.15"]
[Round "6.43"]
[White "Novak, Josua"]
[Black "Probst, Alexander"]
[Result "1/2-1/2"]
[WhiteElo "1865"]
[BlackElo "2024"]
[PlyCount "33"]
[EventDate "2010.??.??"]
[WhiteTeam "SAbt TSV Münchingen"]
[BlackTeam "SC Blau.Turm Bad Wimpfen"]

1. e4 e5 2. Nf3 Nc6 3. d4 exd4 4. Nxd4 Bc5 5. Nxc6 bxc6 6. Bd3 d6 7. O-O h6 8.
Nc3 Nf6 9. Na4 Bb6 10. Nxb6 axb6 11. c4 O-O 12. h3 Re8 13. Re1 Ba6 14. Re3 b5
15. b3 Qe7 16. Qe2 Nd7 17. Rg3 1/2-1/2

[Event "Stuttgarter Stadtmeisterschaft 2010 A"]
[Site "Ditzingen"]
[Date "2010.05.15"]
[Round "6.29"]
[White "Pogan, Nikolas"]
[Black "Schuster, Gerhard"]
[Result "1/2-1/2"]
[WhiteElo "2119"]
[BlackElo "1996"]
[PlyCount "118"]
[EventDate "2010.??.??"]
[WhiteTeam "SAbt TSV Willsbach"]
[BlackTeam "SC Feuerbach e. V."]

1. e4 c6 2. d4 d5 3. Nc3 dxe4 4. Nxe4 Nd7 5. Bd3 Ngf6 6. Ng5 e6 7. N1f3 Bd6 8.
Qe2 h6 9. Ne4 Nxe4 10. Qxe4 Qc7 11. Qg4 Kf8 12. O-O e5 13. Qh4 b6 14. Bd2 exd4
15. Nxd4 Nc5 16. Bc4 b5 17. Be2 Ne6 18. Nxe6+ Bxe6 19. a4 Rd8 20. axb5 Bxh2+
21. Qxh2 Qxh2+ 22. Kxh2 Rxd2 23. Rxa7 g6 24. Ra8+ Kg7 25. Rxh8 Kxh8 26. b6 Rxc2
27. b3 Rb2 28. b7 Rxb3 29. Ba6 Kg7 30. Rc1 Bd5 31. Rc5 Rb6 32. Rc3 c5 33. Rxc5
Bxb7 34. Bc4 Rf6 35. Kg3 Ba6 36. Ba2 h5 37. f3 Bd3 38. Rc7 Bf5 39. Bc4 Be6 40.
Bxe6 Rxe6 41. Ra7 Re2 42. Rb7 Ra2 43. Rc7 g5 44. Rc5 h4+ 45. Kh3 Kg6 46. Rb5
Rf2 47. Ra5 f6 48. Rb5 Rf1 49. Kh2 Re1 50. Ra5 Re5 51. Ra4 Kf5 52. Rb4 Rd5 53.
Ra4 Ke5 54. Rb4 Rd4 55. Rb6 f5 56. Rg6 Kf4 57. Rh6 Rd1 58. Ra6 Rd4 59. Rh6 Rd1
1/2-1/2

[Event "Stuttgarter Stadtmeisterschaft 2010 A"]
[Site "Ditzingen"]
[Date "2010.05.15"]
[Round "6.48"]
[White "Baskin, Robert"]
[Black "Schmid, Eugen"]
[Result "0-1"]
[WhiteElo "1828"]
[BlackElo "1974"]
[PlyCount "126"]
[EventDate "2010.??.??"]
[WhiteTeam "SAbt TuS Makkabi Ffm"]
[BlackTeam "SV Herrenberg e.V."]

1. e4 e6 2. d4 d5 3. Nc3 Nf6 4. e5 Nfd7 5. f4 c5 6. Nf3 Nc6 7. Be3 a6 8. Be2
cxd4 9. Nxd4 Nxd4 10. Bxd4 Qc7 11. O-O Bc5 12. Bf3 O-O 13. Ne2 Be7 14. c3 b5
15. Be3 Bb7 16. Nd4 Rac8 17. a4 b4 18. cxb4 Bxb4 19. Qb3 Be7 20. Rac1 Nc5 21.
Qa3 Qd7 22. Bd1 Ne4 23. Qd3 Rxc1 24. Bxc1 Rc8 25. Bc2 Rc4 26. Be3 g6 27. Rd1
Qc8 28. Bb3 Nc5 29. Qd2 Nxb3 30. Nxb3 Rxa4 31. Rc1 Rc4 32. Na5 Rxc1+ 33. Qxc1
Qxc1+ 34. Bxc1 Bc5+ 35. Kf1 Bc8 36. Ke2 Bd7 37. Nb3 Bb5+ 38. Kf3 Be7 39. Be3
Bc4 40. Na5 Bb5 41. Nb3 Kg7 42. Nd4 Kf8 43. Nb3 Ke8 44. Bc5 Bd8 45. Ke3 h5 46.
Kd4 Kd7 47. Nd2 a5 48. Bd6 Kc6 49. Bc5 Be2 50. Nb1 Bc4 51. Nc3 Bb3 52. Nb1 a4
53. Nc3 Ba5 54. g3 Bc2 55. Na2 Be1 56. Ba3 Bf2+ 57. Kc3 Bb3 58. Nb4+ Kb5 59.
Kd2 Bc4 60. Nc2 Bg1 61. Ke1 Bxh2 62. Nd4+ Kb6 63. Kf2 h4 0-1

[Event "Stuttgarter Stadtmeisterschaft 2010 A"]
[Site "Ditzingen"]
[Date "2010.05.15"]
[Round "6.36"]
[White "Lebeda, Timo"]
[Black "Scherer, Holger"]
[Result "1-0"]
[WhiteElo "1944"]
[BlackElo "2082"]
[PlyCount "41"]
[EventDate "2010.??.??"]
[WhiteTeam "SAbt VFB Reichenbach"]
[BlackTeam "SK Lauffen"]

1. c4 Nf6 2. Nf3 g6 3. d4 Bg7 4. g3 O-O 5. Bg2 d6 6. O-O c6 7. Nc3 Nbd7 8. b4
c5 9. bxc5 dxc5 10. Bb2 cxd4 11. Nxd4 Ng4 12. e3 Nge5 13. Qe2 Nc5 14. Ba3 Qa5
15. Ncb5 Ned7 16. Rab1 a6 17. Bb4 Qd8 18. Nc3 Re8 19. Rfd1 Qc7 20. Nd5 Qd6 21.
Ba5 1-0

[Event "Stuttgarter Stadtmeisterschaft 2010 A"]
[Site "Ditzingen"]
[Date "2010.05.15"]
[Round "6.4"]
[White "Teske, Henrik"]
[Black "Stets, Dmitry"]
[Result "1/2-1/2"]
[WhiteElo "2553"]
[BlackElo "2450"]
[PlyCount "31"]
[EventDate "2010.??.??"]
[WhiteTeam "SC 1950 Remagen"]
[BlackTeam "Schachfreunde Gerresheim 86 e.V."]

1. Nf3 Nf6 2. c4 g6 3. Nc3 Bg7 4. g3 O-O 5. Bg2 d6 6. O-O Nc6 7. d4 Bf5 8. Re1
Ne4 9. Nd5 Bd7 10. b3 e6 11. Ne3 f5 12. Nc2 Qe7 13. Bb2 Rae8 14. Nd2 Qf7 15. e3
Ne7 16. Re2 1/2-1/2

[Event "Stuttgarter Stadtmeisterschaft 2010 A"]
[Site "Ditzingen"]
[Date "2010.05.15"]
[Round "6.53"]
[White "Baumeister, Jürgen"]
[Black "Gibicar, Danijel"]
[Result "0-1"]
[WhiteElo "1847"]
[BlackElo "1965"]
[PlyCount "80"]
[EventDate "2010.??.??"]
[WhiteTeam "SC Asperg"]
[BlackTeam "SK Bebenhausen 1992"]

1. d4 Nf6 2. Nf3 c5 3. dxc5 e6 4. Nc3 Bxc5 5. e3 Nc6 6. a3 d5 7. b4 Bd6 8. Nb5
Bb8 9. Bb2 O-O 10. Bd3 e5 11. Be2 a6 12. Nc3 Bg4 13. h3 Bf5 14. g4 Be6 15. g5
Ne8 16. h4 Ba7 17. Na4 b5 18. Nxe5 Nxe5 19. Bxe5 bxa4 20. Bd3 Qd7 21. Qh5 Bf5
22. O-O-O Bxd3 23. Rxd3 Qe6 24. f4 Bb8 25. Bd4 Ba7 26. Be5 Bb8 27. Bd4 Nd6 28.
Re1 Nf5 29. Bc5 Re8 30. Red1 Ba7 31. Bxa7 Rxa7 32. Rxd5 Nxe3 33. Re5 Qc8 34.
Rxe8+ Qxe8 35. Qe2 Re7 36. Rd3 Nc4 37. Qf3 Re1+ 38. Rd1 Rxd1+ 39. Kxd1 Qd8+ 40.
Kc1 Qd2+ 0-1

[Event "Stuttgarter Stadtmeisterschaft 2010 A"]
[Site "Ditzingen"]
[Date "2010.05.15"]
[Round "6.18"]
[White "Hagemann, Tim"]
[Black "Aksenov, Pavel"]
[Result "1/2-1/2"]
[WhiteElo "2164"]
[BlackElo "2105"]
[PlyCount "30"]
[EventDate "2010.??.??"]
[WhiteTeam "SC BW Kirchentellinsfurt"]
[BlackTeam "SK Bietigheim-Bissingen"]

1. Nf3 Nf6 2. g3 b6 3. Bg2 Bb7 4. c4 e6 5. O-O c5 6. Nc3 Be7 7. d4 cxd4 8. Qxd4
Nc6 9. Qd2 Na5 10. b3 O-O 11. Bb2 d5 12. cxd5 Nxd5 13. Nxd5 Qxd5 14. Rfd1 Qxd2
15. Rxd2 Rfd8 1/2-1/2

[Event "Stuttgarter Stadtmeisterschaft 2010 A"]
[Site "Ditzingen"]
[Date "2010.05.15"]
[Round "6.31"]
[White "Osmanovic, Faruk"]
[Black "Schröder, Jan-Christian"]
[Result "0-1"]
[WhiteElo "2104"]
[BlackElo "1965"]
[PlyCount "102"]
[EventDate "2010.??.??"]
[WhiteTeam "SC Blau.Turm Bad Wimpfen"]
[BlackTeam "SV Lahn Limburg"]

1. e4 e5 2. Nf3 Nc6 3. Bc4 Nf6 4. Ng5 d5 5. exd5 Na5 6. Bb5+ c6 7. dxc6 bxc6 8.
Bd3 Bc5 9. O-O O-O 10. Nc3 Bg4 11. Be2 Bf5 12. d3 Nd5 13. Nce4 Be7 14. Nf3 Qc7
15. Bd2 f6 16. Ng3 Be6 17. d4 Nf4 18. b3 Rad8 19. Qe1 Nb7 20. Ba6 Bd5 21. Bxb7
Qxb7 22. Nf5 Bd6 23. Nxd6 Rxd6 24. Bb4 c5 25. dxc5 Bxf3 26. cxd6 Ne2+ 27. Qxe2
Bxe2 28. Rfe1 Qxb4 29. Rxe2 Qxd6 30. c4 Qd3 31. Rae1 Rd8 32. h3 Qc3 33. f3 Rd2
34. Kf2 Qd4+ 35. Kf1 Kf7 36. Rxd2 Qxd2 37. Re2 Qd3 38. Ke1 Qb1+ 39. Kf2 Ke6 40.
Ke3 f5 41. Kf2 e4 42. fxe4 fxe4 43. Rd2 Ke5 44. Rd5+ Kf6 45. Rd2 h5 46. Rd6+
Ke7 47. Rd2 h4 48. Ke3 Qc1 49. Ke2 Ke6 50. Rd5 Qg1 51. Rg5 e3 0-1

[Event "Stuttgarter Stadtmeisterschaft 2010 A"]
[Site "Ditzingen"]
[Date "2010.05.15"]
[Round "6.30"]
[White "Aerni, Andreas"]
[Black "Marquardt, Patrick"]
[Result "1/2-1/2"]
[WhiteElo "2111"]
[BlackElo "1979"]
[PlyCount "76"]
[EventDate "2010.??.??"]
[WhiteTeam "SC Brombach e.V."]
[BlackTeam "SG Donautal Tuttlingen"]

1. e4 c5 2. Na3 e6 3. c3 d5 4. e5 Nc6 5. f4 a6 6. Nf3 Be7 7. Nc2 Nh6 8. g3 O-O
9. Bg2 b5 10. d4 c4 11. O-O b4 12. Nfe1 Rb8 13. g4 Kh8 14. f5 Bg5 15. Ne3 Bxe3+
16. Bxe3 Qh4 17. h3 bxc3 18. bxc3 exf5 19. g5 Ng8 20. Bxd5 Nce7 21. Bg2 Bb7 22.
Bxb7 Rxb7 23. Qf3 Qe4 24. Qxe4 fxe4 25. Bc1 Nd5 26. Ba3 Rfb8 27. Rc1 f6 28.
gxf6 gxf6 29. exf6 Ngxf6 30. Ng2 Rg8 31. Kh2 Rxg2+ 32. Kxg2 Ne3+ 33. Kg3 Nxf1+
34. Rxf1 Nd5 35. Rf8+ Kg7 36. Rc8 Nxc3 37. Rxc4 Nxa2 38. Bd6 Rb3+ 1/2-1/2

[Event "Stuttgarter Stadtmeisterschaft 2010 A"]
[Site "Ditzingen"]
[Date "2010.05.15"]
[Round "6.17"]
[White "Lumsdon, Andrew"]
[Black "Gabriel, Josef"]
[Result "1/2-1/2"]
[WhiteElo "2081"]
[BlackElo "2165"]
[PlyCount "117"]
[EventDate "2010.??.??"]
[WhiteTeam "SC Brombach e.V."]
[BlackTeam "Stuttgarter SF 1879"]

1. e4 g6 2. g3 Bg7 3. Bg2 Nc6 4. c3 e5 5. d3 Nge7 6. Ne2 O-O 7. O-O d6 8. Be3
h6 9. Qd2 Kh7 10. f4 a5 11. Na3 a4 12. h3 f5 13. Kh2 Bd7 14. Rad1 fxe4 15. Bxe4
Be6 16. d4 d5 17. Bg2 e4 18. c4 Nf5 19. g4 Nh4 20. Bh1 h5 21. gxh5 gxh5 22.
cxd5 Bxd5 23. Ng3 Qe8 24. Nb5 Nf3+ 25. Bxf3 exf3 26. Nxc7 Qf7 27. Nxa8 Rxa8 28.
Qd3+ Kg8 29. Qf5 h4 30. Qxf7+ Kxf7 31. Nf5 Bf6 32. Bf2 Rh8 33. Rde1 Bxa2 34.
Rg1 Ne7 35. Nd6+ Kf8 36. Nxb7 Rh5 37. Nc5 Kf7 38. Ne4 Nf5 39. Nxf6 Kxf6 40. Re5
Rh7 41. Rg5 Bb1 42. Ra5 Rb7 43. Rgxf5+ Bxf5 44. Bxh4+ Kg6 45. Bf2 Rxb2 46. Kg3
Bxh3 47. Kxh3 Rxf2 48. Kg3 Rf1 49. Rxa4 Kf5 50. Ra5+ Ke4 51. Re5+ Kxd4 52. Re8
Kd5 53. Re3 Kd6 54. f5 f2 55. Rf3 Ke7 56. Kg2 Ra1 57. Rxf2 Kf6 58. Kg3 Ra4 59.
Rf4 1/2-1/2